แสดงรายละเอียดบรรณานุกรม
  กลับหน้าหลัก

Brief Record : Get Marc (ISO 2709) : E-mail record : QR code ปิดหน้าต่าง
E-books : เกี่ยวกับ Collections
LEADER 00000nama 2200000uu 4500
001    202244
003     ULIBM
008    040531s|||| th m m a000 0 tha d
020    974-91440-6-6
041    tha
050    WB200 ก449 2549
100    อภิชัย ลีละสิริ...[และคนอื่นๆ].
245    การซักประวัติและการตรวจร่างกาย = Introduction to Clinical Medicine/อภิชัย ลีละสิริ.
250    พิมพ์ครั้งที่ 3.
260    กรุงเทพฯ. โครงการตำรา วิทยาลัยแพทยศาสตร์พระมงกุฎเกล้า. 2549.
300    273 หน้า.
440    โครงการตำรา วพม ; เล่มที่ 1/2544.
600    I.วิทยาลัยแพทยศาสตร์พระมงกุฏเกล้า โครงการตำรา.
650    1.การตรวจร่างกาย 2.การซักประวัติผู้ป่วย 3.อายุรศาตร์.
995    001
รายการนี้ยังไม่มีแท็ก
คุณยังไม่ได้ล็อกอิน คุณสามารถมีกิจกรรมร่วมกับเว็บไซต์ได้ แต่ต้องล็อกอินก่อน ::
  ล็อกอิน
ลำดับที่ ประเภท เลขเรียก สถานที่ สถานะ
1. หนังสือทั่วไป
หนังสือทั่วไป
WB200 ก449 2549  
  
หนังสือทั่วไป On Shelf
  ขอยืม
2. หนังสือทั่วไป
หนังสือทั่วไป
WB200 ก449 2549  
  
หนังสือทั่วไป On Shelf
  ขอยืม
3. หนังสือทั่วไป
หนังสือทั่วไป
WB200 ก449 2549  
  
หนังสือทั่วไป On Shelf
  ขอยืม
4. หนังสือทั่วไป
หนังสือทั่วไป
WB200 ก449 2549 ฉ.17 
  
หนังสือทั่วไป On Shelf
  ขอยืม
Note:ปีงบประมาณ 2555
5. หนังสือทั่วไป
หนังสือทั่วไป
WB200 ก449 2549 ฉ.18 
  
หนังสือทั่วไป On Shelf
  ขอยืม
Note:ปีงบประมาณ 2555
   [แสดง 5/5 รายการ]

BibComment


ยังไม่เคยถูกคอมเมนท์

คอมเมนท์ทรัพยากรรายการนี้
  คอมเมนท์: การซักประวัติและก..
Bib 202244

 
 
 

 Union Library Management : ULibM
Copyright 2026. All Rights Reserved.
скачать бесплатно без регистрации порно красивый секс HD Sex Hindi sex

xxx gou

xxxx

bfxxx

xxxwww

Секса Видео

xxxx

Секса Видео

detube

geilexxx

C99 Shell

worms shell

blod xxx video
Ebony Coed Rihanna Rimes Takes A Dick In Her Young Twat priyaa indian fuck anal and pusssy hardcore indian women xxx desi hardcore fucking part 1 bengalixxxcouple